Bandiere con proporzioni uniche - Statistics

General Stats
  • This quiz has been taken 30 times
  • The average score is 17 of 22
Answer Stats
Picture Hint Answer % Correct
5:7 Albania
100%
13:15 Belgio
100%
7:10 Brasile
100%
1:1 Svizzera
100%
19:36 Stati Uniti
96%
28:37 Danimarca
93%
8:11 Norvegia
93%
7:11 Estonia
89%
11:18 Finlandia
89%
18:25 Islanda
89%
11:28 Qatar
89%
4:7 Iran
86%
4:5 Monaco
86%
~1.219:1 Nepal
82%
3:4 Repubblica Democratica del Congo
71%
11:20 Paraguay
64%
10:17 Capo Verde
61%
6:7 Niger
61%
5:9 Oman
54%
189:355 El Salvador
50%
10:19 Isole Marshall
43%
1:1.618033 Togo
43%
No matching quizzes found
Score Distribution
Percent of People with Each Score
Percentile by Number Answered
Your Score History
You have not taken this quiz